000
00250nam a2200097Ia 4500
008
190216s9999||||xx |||||||||||||| ||und||
100
_a
Chandra J P
245
0
_a
Complete Solution Of Co-Ordinate Geometry
260
_b
Pragathi Prakashan
942
_c
BK
999
_c
32587
_d
32587